Top 50 Football Managers of All Time - Statistics

General Stats
  • This quiz has been taken 722 times
  • The average score is 13 of 50
Answer Stats
# Country Manager % Correct
2 Scotland Sir Alex Ferguson
95%
5 Spain Pep Guardiola
90%
4 Netherlands Johan Cruyff
85%
13 Portugal José Mourinho
80%
8 Italy Carlo Ancelotti
75%
18 Netherlands Louis van Gaal
64%
27 Germany Jürgen Klopp
62%
22 France Zinédine Zidane
61%
32 France Arsène Wenger
51%
33 Spain Vicente Del Bosque
46%
49 Italy Antonio Conte
43%
21 Italy Fabio Capello
42%
16 Italy Marcello Lippi
38%
45 Netherlands Frank Rijkaard
33%
25 Germany Jupp Heynckes
32%
3 Italy Arrigo Sacchi
30%
37 Spain Rafael Benitez
29%
1 Netherlands Rinus Michels
27%
31 Argentina Diego Simeone
25%
29 Netherlands Guus Hiddink
25%
12 Italy Giovanni Trapattoni
22%
10 Scotland Bill Shankly
21%
39 England Bobby Robson
21%
26 England Bob Paisley
21%
15 England Brain Clough
21%
11 Scotland Matt Busby
21%
19 Germany Ottmar Hitzfeld
17%
48 Argentina Marcelo Bielsa
16%
34 Scotland Jock Stein
14%
44 Spain Luis Aragones
14%
9 Austria Ernst Happel
13%
7 Argentina / France Helenio Herrera
13%
41 Romania Mircea Lucescu
12%
6 Soviet Union / Ukraine Valeri Lobanovski
11%
20 Hungary / Austria Bela Guttmann
7%
17 Italy Nereo Rocco
7%
24 England Hebert Chapman
5%
14 Spain Miguel Munoz
5%
35 Brazil Tele Santana
5%
47 Belgium Raymond Goethals
4%
42 Yugoslavia / Croatia Tomislav Ivic
4%
30 Germany Udo Lattek
4%
43 Romania Stefan Kovacs
3%
23 Soviet Union Viktor Maslov
3%
38 Germany Hennes Weisweiler
2%
36 England Vic Buckingham
2%
28 France Albert Batteux
1%
40 Germany Dettmar Cramer
1%
50 France Jean-Claude Suaudeau
1%
46 Germany Otto Rahhagel
1%
No matching quizzes found
Score Distribution
Percent of People with Each Score
Percentile by Number Answered
Your Score History
You have not taken this quiz